LEADER 01593oam 2200421 a 450 001 9910698824303321 005 20230202082528.0 035 $a(CKB)5470000002397625 035 $a(OCoLC)361346113 035 $a(EXLCZ)995470000002397625 100 $a20090529d2009 ua 0 101 0 $aeng 135 $aurbn||||||||| 181 $ctxt$2rdacontent 182 $cc$2rdamedia 183 $acr$2rdacarrier 200 10$aInternational Science and Technology Cooperation Act of 2009$b[electronic resource] $ereport (to accompany H.R. 1736) (including cost estimate of the Congressional Budget Office) 210 1$a[Washington, D.C.] :$c[U.S. G.P.O.],$d[2009] 215 $a42 pages $cdigital, PDF file 225 1 $aReport / 111th Congress, 1st session, House of Representatives ;$v111-128 300 $aTitle from title screen (viewed on May 29, 2009). 300 $a"May 21, 2009". 517 $aInternational Science and Technology Cooperation Act of 2009 606 $aResearch$xLaw and legislation$zUnited States 606 $aFederal aid to research$zUnited States 606 $aScience$xInternational cooperation 606 $aTechnology$xInternational cooperation 615 0$aResearch$xLaw and legislation 615 0$aFederal aid to research 615 0$aScience$xInternational cooperation. 615 0$aTechnology$xInternational cooperation. 801 0$bGPO 801 1$bGPO 801 2$bGPO 906 $aBOOK 912 $a9910698824303321 996 $aInternational Science and Technology Cooperation Act of 2009$93482938 997 $aUNINA LEADER 01024cam0 22002891 450 001 SOBE00085612 005 20260210110442.0 100 $a20260210d1966 |||||ita|0103 ba 101 $aita 102 $aIT 200 1 $a<>Baciccio$f[testi di Maria Vittoria Brugnoli] 210 $aMilano$cFabbri$d1966 215 $a[8] p., XVI p. di tav.$cill.$d36 cm 225 2 $amaestri del colore$v214 410 1$1001LAEC00020216$12001 $aI *maestri del colore$v214 500 10$a<>Baciccio$3SOBA00037010$9573674 700 1$aGaulli$b, Giovanni Battista$3SOBA00037008$4070$0219063 702 1$aBrugnoli, Maria Vittoria$3SOBA00037009$4070 801 0$aIT$bUNISOB$c20260210$gRICA 850 $aUNISOB 852 $aUNISOB$jFondo|Calì$m184980 912 $aSOBE00085612 940 $aM 102 Monografia moderna SBN 941 $aM 957 $aFondo|Calì$b002474$gSI$d184980$n20250714$hCali$rDono$tN$1rovito$2UNISOB$3UNISOB$420260210105821.0$520260210105855.0$6rovito 996 $aBaciccio$9573674 997 $aUNISOB